[Event "World Amateur-ch U2000"]
[Site "Muscat"]
[Date "2023.11.05"]
[Round "4.18"]
[White "Fooladi, Behrooz"]
[Black "Punit, Indora"]
[Result "0-1"]
[WhiteElo "1842"]
[BlackElo "1696"]
[PlyCount "26"]
[EventDate "2023.11.02"]
[EventType "swiss"]
[EventRounds "9"]
[EventCountry "OMN"]
[SourceTitle "CBM 217 Extra"]
[Source "ChessBase"]
[SourceDate "2024.01.31"]
[SourceVersion "1"]
[SourceVersionDate "2024.01.31"]
[SourceQuality "1"]

1. d4 c5 2. d5 e5 3. e4 d6 4. Bb5+ Nd7 5. a4 g6 6. Be3 Bg7 7. Nd2 Ne7 8. a5 0-0 9. Ngf3 h6 10. Nc4 Nf6 11. Qd3 Ng4 12. Bc1 f5 13. Nfd2 Nxf2 0-1

[Event "New Delhi Parsvnath op-B 16th"]
[Site "New Delhi"]
[Date "2018.01.12"]
[Round "10"]
[White "Punit, Indora"]
[Black "Shubham, 1."]
[Result "1-0"]
[WhiteElo "1905"]
[BlackElo "1915"]
[PlyCount "61"]
[EventDate "2018.01.09"]
[EventType "swiss"]
[EventRounds "10"]
[EventCountry "IND"]
[SourceTitle "CBM 182 Extra"]
[Source "ChessBase"]
[SourceDate "2018.02.23"]
[SourceVersion "1"]
[SourceVersionDate "2018.02.23"]
[SourceQuality "1"]

1. e4 e6 2. b3 d5 3. Bb2 c5 4. f4 Nc6 5. e5 Nge7 6. Nf3 h5 7. Be2 Nf5 8. 0-0 Be7 9. Kh1 h4 10. a3 c4 11. Ng1 Qb6 12. Nc3 Ncd4 13. Na4 Qc6 14. Bg4 Bd7 15. Nc3 Qb6 16. Nce2 g6 17. Nxd4 Nxd4 18. Bxd4 Qxd4 19. Ne2 Qb6 20. d4 cxd3 21. cxd3 Rc8 22. d4 Bb5 23. Qd2 Bxe2 24. Qxe2 Rc3 25. Rac1 Rxc1 26. Rxc1 Qxb3 27. Rc8+ Bd8 28. h3 0-0 29. Rb8 Be7 30. Rc8 Rd8 31. Rxd8+ 1-0